书目信息 |
| 题名: |
军事思考录
|
|
| 作者: | 李德生 著 | |
| 分册: | ||
| 出版信息: | 北京 军事科学出版社 2007.03 |
|
| 页数: | 444页 | |
| 开本: | 23cm | |
| 丛书名: | ||
| 单 册: | ||
| 中图分类: | E20 | |
| 科图分类: | ||
| 主题词: | 军队建设--军事理论--中国 | |
| 电子资源: | ||
| ISBN: | 978-7-80237-065-4 | |
| 000 | 00766nam0 2200217 450 | |
| 001 | 1141444781 | |
| 005 | 20111228113227.76 | |
| 010 | @a978-7-80237-065-4@b精装@dCNY80.00 | |
| 100 | @a20111228d2007 km y0chiy0120 ea | |
| 101 | 0 | @achi |
| 102 | @aCN@b110000 | |
| 105 | @ay z 000yy | |
| 200 | 1 | @a军事思考录@Ajun shi si kao lu@e对我军治军方略和作战艺术的回顾与探讨@f李德生著@Fli de sheng zhu |
| 210 | @a北京@c军事科学出版社@d2007.03 | |
| 215 | @a444页@d23cm | |
| 517 | 1 | @a对我军治军方略和作战艺术的回顾与探讨@Adui wo jun zhi jun fang lue he zuo zhan yi shu de hui gu yu tan tao |
| 606 | 0 | @a军队建设@x军事理论@x中国 |
| 690 | @aE20@v4 | |
| 701 | 0 | @a李德生@Ali de sheng@4著 |
| 801 | 0 | @aCN@b大连网信软件有限公司图书馆·11@c20111228 |
| 905 | @aZUCC@dE20@eL140@f3 | |
| 军事思考录:对我军治军方略和作战艺术的回顾与探讨/李德生著.-北京:军事科学出版社,2007.03 |
| 444页;23cm |
| ISBN 978-7-80237-065-4(精装):CNY80.00 |
| ● |
| 相关链接 |
|
|
|
正题名:军事思考录
索取号:E20/L140
 
预约/预借
| 序号 | 登录号 | 条形码 | 馆藏地/架位号 | 状态 | 备注 |
| 1 | 1182574 | 211825747 | 社科库509/509社科库 117排1列4层/ [索取号:E20/L140] | 在馆 | |
| 2 | 1182575 | 211825756 | 社科库509/108文学库 20排1列4层/ [索取号:E20/L140] | 在馆 | |
| 3 | 1182576 | 211825765 | 社科库509/509社科库 117排1列4层/ [索取号:E20/L140] | 在馆 |